• 首页
  • 本馆介绍
  • 公告通知
  • 最新文献
  • 馆藏检索
  • 电子资源
  • 读者导购
  • 参考咨询
  • 我的图书馆
  • 登录
  • 详细信息显示
  • 放入我的书架
  • 预约/预借图书
  • 作者相关作品
  • 分类相关作品
  • 丛书相关作品
  • 出版社相关作品

书目信息

  • 表格格式
  • 工作单格式
  • 卡片格式
题名:
世界遗产之旅
    
 
作者: 胡允桓 编撰
分册:   老城古镇
出版信息: 北京   中国旅游出版社  2004
页数: 148页
开本: 23cm
丛书名:
单 册:
中图分类: K917
科图分类:
主题词: 古城--简介--世界
电子资源:
ISBN: 7-5032-2348-0
000 00811oam2 2200229 45
001 002721172
005 20061210161119.60
010    @a7-5032-2348-0@dCNY38.00
100    @a20040802d2004 em y0chiy0110 ea
101 0  @achi
102    @aCN@b110000
105    @aa z 000yy
200 1  @a世界遗产之旅@AShi Jie Yi Chan Zhi Lu@i老城古镇@dHistoric Cities and Towns@f胡允桓编撰@FHu Yun Huan Bian Zhuan
210    @a北京@c中国旅游出版社@d2004
215    @a148页@c照片@d23cm
330    @a本书介绍了文艺复兴名城—锡耶纳、古老的大学城—萨拉曼卡、固若金汤的中世纪古堡—卡尔卡松、艺术之都—萨尔茨堡、苏格兰历史的缩影—爱丁堡等。
517    @a老城古镇@ALao Cheng Gu Zhen
606 0  @a古城@x简介@y世界
690    @aK917@v4
701  0 @a胡允桓@4编撰
801  0 @aCN@bNLC@c20061210
905    @f4@b345678-681@dK917@e103:1
    
    世界遗产之旅.老城古镇=Historic Cities and Towns/胡允桓编撰.-北京:中国旅游出版社,2004
    148页:照片;23cm
    
    
    ISBN 7-5032-2348-0:CNY38.00
    本书介绍了文艺复兴名城—锡耶纳、古老的大学城—萨拉曼卡、固若金汤的中世纪古堡—卡尔卡松、艺术之都—萨尔茨堡、苏格兰历史的缩影—爱丁堡等。
●
相关链接 在E读中查询图书 在五车中查询图书 在当当中查询图书 在豆瓣中查询图书


正题名:世界遗产之旅     索取号:K917/103:1         预约/预借

序号 登录号 条形码 馆藏地/架位号 状态 备注
1 0345678   203456786   第二样本阅览室/ [索取号:K917/103:1] 在馆    
2 0345679   203456795   第二借阅区/ [索取号:K917/103:1] 在馆    
3 0345680   203456802   第二借阅区/ [索取号:K917/103:1] 在馆    
4 0345681   203456811   第二借阅区/ [索取号:K917/103:1] 在馆    
5 0600561   206005614   第二借阅区/ [索取号:K917/103:1] 在馆    
6 0600562   206005623   第二借阅区/ [索取号:K917/103:1] 在馆    
7 0600563   206005632   第二借阅区/ [索取号:K917/103:1] 在馆    
8 0600564   206005641   第二借阅区/ [索取号:K917/103:1] 在馆    
9 0600565   206005650   第二借阅区/ [索取号:K917/103:1] 在馆    
唐山师范学院图书馆 欢迎您!
大连网信软件有限公司© 版权所有